Water Supply And Sanitary Engineering (Record no. 364979)
[ view plain ]
| 000 -LEADER | |
|---|---|
| fixed length control field | 00512nam a22001817a 4500 |
| 005 - DATE AND TIME OF LATEST TRANSACTION | |
| control field | 20250204135447.0 |
| 008 - FIXED-LENGTH DATA ELEMENTS--GENERAL INFORMATION | |
| fixed length control field | 250204b |||||||| |||| 00| 0 eng d |
| 020 ## - INTERNATIONAL STANDARD BOOK NUMBER | |
| International Standard Book Number | 9789380 358246 |
| 041 ## - LANGUAGE CODE | |
| Language code of text/sound track or separate title | eng |
| 082 ## - DEWEY DECIMAL CLASSIFICATION NUMBER | |
| Classification number | 690 |
| Item number | RAN |
| 100 ## - MAIN ENTRY--PERSONAL NAME | |
| Author | Rangwala |
| 245 ## - TITLE STATEMENT | |
| Title | Water Supply And Sanitary Engineering |
| 260 ## - PUBLICATION, DISTRIBUTION, ETC. | |
| Place of publication, distribution, etc. | Gujrat |
| Name of publisher, distributor, etc. | Charotar Publishing HousesPvt Ltd. |
| Date of publication, distribution, etc. | 2011 |
| 300 ## - PHYSICAL DESCRIPTION | |
| Extent | 888Pages |
| Other physical details | Pb |
| Dimensions | 21 x 13.5 |
| 365 ## - TRADE PRICE | |
| Price type code | INR |
| Price amount | 1.00 |
| Currency code | Rupaye |
| 500 ## - GENERAL NOTE | |
| Keywords | Quality Of Water<br/>Sources Of Water Supply |
| 942 ## - ADDED ENTRY ELEMENTS (KOHA) | |
| Koha item type | Donated Book |
| Withdrawn status | Lost status | Source of classification or shelving scheme | Damaged status | Not for loan | Home library | Current library | Date acquired | Vendor | Net Price | Total Checkouts | Full call number | Barcode | Date last seen | Actual Price | Bill Date | Koha item type |
|---|---|---|---|---|---|---|---|---|---|---|---|---|---|---|---|---|
| Dewey Decimal Classification | Dr. Bhanuben Nanavati College of Architecture | Dr. Bhanuben Nanavati College of Architecture | 04/02/2025 | Raghav Hans | 1.00 | 690 RAN | BNCA-DB-2014 | 04/02/2025 | 1.00 | 04/02/2025 | Donated Book |